[Event "SenWM"]
[Site "Bad Zwischenahn GER"]
[Date "2008.10.28"]
[Round "1"]
[White "Gutman,L"]
[Black "Juergens,P2"]
[Result "1-0"]
[WhiteElo "2485"]
[BlackElo "2062"]

1.Nf3 d5 2.g3 Nf6 3.Bg2 e6 4.O-O Be7 5.b3 O-O 6.Bb2 b6 7.c4 Bb7 8.d3 Nbd7
9.e3 c5 10.Qe2 Qc7 11.Nbd2 Rad8 12.cxd5 Nxd5 13.Rac1 Qb8 14.Nc4 Qa8 15.a3 Rfe8
16.Rfd1 Nf8 17.h4 Bf6 18.Nce5 Nd7 19.e4 Nxe5 20.Nxe5 Ne7 21.b4 Bxe5 22.Bxe5 cxb4
23.axb4 Nc6 24.Bc3 Nd4 25.Qb2 e5 26.Bxd4 Rxd4 27.Rc7 Qb8 28.Rdc1 Bc8 29.Qc3 Ba6
30.Qb3 Rf8 31.b5 Bc8 32.Bf1 Be6 33.Qa3 Rc8 34.Qxa7 Rdd8 35.Rxc8 Rxc8 36.Rxc8+  1-0

[Event "WYCC Girls U16"]
[Site "Vung Tau City VIE"]
[Date "2008.10.28"]
[Round "9"]
[White "Yang,M"]
[Black "Hohluka,A"]
[Result "1/2-1/2"]
[WhiteElo "2052"]
[BlackElo "1648"]

1.Nf3 d5 2.g3 Nf6 3.Bg2 Bf5 4.d3 e6 5.O-O Be7 6.Nbd2 h6 7.c4 c6 8.a3 O-O
9.b4 Nbd7 10.Bb2 a5 11.Qb3 b6 12.Rfc1 c5 13.cxd5 exd5 14.bxa5 Rxa5 15.Bc3 Ra7
16.Rcb1 c4 17.Qb5 cxd3 18.Nd4 Rc7 19.Nxf5 Rxc3 20.Nxe7+ Qxe7 21.exd3 Ra8
22.a4 Ra5 23.Re1 Qxe1+ 24.Rxe1 Rxb5 25.axb5 Rxd3 26.Re2 Rd4 27.Bf1 Rb4 28.Re3 Nc5
29.Kg2 Nfe4 30.Nxe4 Nxe4 31.Bd3 Kf8 32.f3 Nc5 33.Be2 d4 34.Ra3 d3 35.Bxd3 Nxd3
36.Rxd3 Rxb5 37.Kf2 Rb2+ 38.Kg1 Ke7 39.h4 b5 40.Kf1 b4 41.Ke1 b3 42.Kd1 Rg2
43.Rxb3 Rxg3 44.Ke2 Rg6 45.Rb7+ Ke6 46.Rb6+ Kf5 47.Rxg6 Kxg6 48.Kf2 Kh5 49.Kg3 f5
50.f4 g5 51.hxg5 hxg5 52.fxg5 Kxg5 53.Kf3 f4 54.Kf2 Kg4 55.Kg2 f3+ 56.Kf2 Kf4
57.Kf1  1/2-1/2

[Event "WYCC Boys U14"]
[Site "Vung Tau City VIE"]
[Date "2008.10.28"]
[Round "9"]
[White "Ghaziolsharif,K"]
[Black "Baboyan,E"]
[Result "0-1"]
[WhiteElo "2014"]
[BlackElo "2170"]

1.Nf3 d5 2.g3 c6 3.Bg2 g6 4.O-O Bg7 5.d3 e5 6.e4 d4 7.Ne1 Ne7 8.f4 c5 9.Nf3 Nbc6
10.Na3 Bg4 11.h3 Bxf3 12.Qxf3 f6 13.f5 Qd7 14.h4 gxf5 15.Qh5+ Kd8 16.exf5 Qe8
17.Qf3 h5 18.Nc4 Kc7 19.a4 Rd8 20.a5 a6 21.Nb6 Nc8 22.Nd5+ Kb8 23.b4 cxb4
24.Nxb4 Nd6 25.Nxc6+ Qxc6 26.Qxc6 bxc6 27.Bxc6 Rc8 28.Rb1+ Nb5 29.Bxb5 axb5
30.Rxb5+ Ka8 31.Rb6 Rxc2 32.Ba3 Rb8 33.Ra6+ Kb7 34.Re6 Ka8 35.Ra1 Rc3 36.Ra6+ Kb7
37.Rb6+ Ka7 38.Re6 Ka8 39.Bd6 Rb2 40.Re8+ Ka7 41.a6 Bh6 42.Re7+ Ka8 43.a7 Rc8
44.Rh7 Be3+ 45.Kh1 e4 46.dxe4 d3 47.Rd7 d2 48.Rd1 Rc1 49.Rd8+ Kxa7 50.Bc5+ Rxc5  0-1

[Event "WYCC Boys U14"]
[Site "Vung Tau City VIE"]
[Date "2008.10.28"]
[Round "9"]
[White "Stukopin,A"]
[Black "Bajarani,U"]
[Result "0-1"]
[WhiteElo "2363"]
[BlackElo "2232"]

1.Nf3 d5 2.g3 g6 3.Bg2 Bg7 4.O-O c5 5.d3 Nc6 6.Nbd2 e6 7.e4 Nge7 8.Re1 O-O
9.Qe2 b6 10.Nf1 h6 11.e5 f6 12.exf6 Rxf6 13.c3 e5 14.h3 Rf7 15.N1h2 Qd6 16.Ng4 Bxg4
17.hxg4 g5 18.Be3 Qd7 19.Nh2 Raf8 20.f3 d4 21.Bf2 e4 22.dxe4 dxc3 23.bxc3 Bxc3
24.Red1 Qe6 25.Rac1 Bd4 26.Bf1 Ng6 27.Qc4 Qf6 28.Qc2 Nge5 29.Bc4 Nxc4 30.Qxc4 Bxf2+
31.Kxf2 Ne5 32.Qc3 Nxf3 33.Kg2 Qxc3 34.Rxc3 Nd4 35.Rf1 Re8 36.Re3 Rfe7 37.Rf6 Rxe4
38.Rxe4 Rxe4 39.Rxh6 Re2+ 40.Kh3 Rxa2 41.Rd6 Rf2 42.Rd5 Kf8 43.Rd7 Ne2  0-1

[Event "Open A"]
[Site "Le Touquet FRA"]
[Date "2008.10.30"]
[Round "7"]
[White "Shirazi,K"]
[Black "Cappon,J"]
[Result "1-0"]
[WhiteElo "2416"]
[BlackElo "2222"]

1.Nf3 d5 2.g3 Nc6 3.c4 d4 4.Bg2 e5 5.O-O e4 6.Ne1 f5 7.d3 Nf6 8.Bg5 exd3
9.exd3 Be7 10.Na3 O-O 11.Nac2 Ne5 12.b4 a5 13.a3 Rb8 14.Nf3 Nxf3+ 15.Qxf3 b6
16.bxa5 bxa5 17.Rab1 Rxb1 18.Rxb1 Kh8 19.Bxf6 Bxf6 20.Rb8 Be5 21.Rb5 Bd6
22.Rxa5 c5 23.Ra8 Qe7 24.Qc6 Be6 25.a4  1-0

[Event "WYCC Girls U18"]
[Site "Vung Tau City VIE"]
[Date "2008.10.30"]
[Round "11"]
[White "Zhorzholiani,M"]
[Black "Rysbayeva,A"]
[Result "1/2-1/2"]
[WhiteElo "2122"]
[BlackElo "2180"]

1.Nf3 d5 2.g3 Bg4 3.Bg2 Nd7 4.d4 Ngf6 5.O-O e6 6.Nbd2 Be7 7.b3 O-O 8.Bb2 c5
9.c4 Rc8 10.cxd5 exd5 11.dxc5 Bxc5 12.h3 Bh5 13.Nd4 Re8 14.N2f3 Bg6 15.Rc1 Ne4
16.Nh4 Ndf6 17.Nxg6 hxg6 18.Qd3 Qb6 19.e3 a6 20.Rc2 Qd6 21.Rfc1 Rcd8 22.g4 Bb6
23.Qe2 Nd7 24.Rd1 Bc7 25.Nf3 Nb8 26.Ba3 Qb6 27.Nd2 Nc6 28.Nxe4 dxe4 29.Rxd8 Bxd8
30.Qc4 Qa5 31.Bd6 Qe1+ 32.Kh2 Bh4 33.Bg3 Bxg3+ 34.Kxg3 Qa5 35.Bxe4 Qe5+ 36.Kf3 Qh2
37.Bxc6 Qxh3+ 38.Ke2 bxc6 39.Qxc6 Qxg4+ 40.Qf3 Qb4 41.Qc6 Qg4+ 42.Qf3 Qb4  1/2-1/2

[Event "WYCC Girls U16"]
[Site "Vung Tau City VIE"]
[Date "2008.10.30"]
[Round "11"]
[White "Yang,M"]
[Black "Palmitessa,C"]
[Result "1/2-1/2"]
[WhiteElo "2052"]
[BlackElo "1772"]

1.Nf3 d5 2.g3 Nf6 3.Bg2 Bf5 4.O-O e6 5.d3 Bd6 6.Nbd2 O-O 7.c4 c6 8.Rb1 Qe7
9.a3 Nbd7 10.b4 a5 11.bxa5 Rxa5 12.Rxb7 Bxa3 13.Nb3 Raa8 14.Nbd4 Bxc1 15.Nxc6 Qd6
16.cxd5 exd5 17.Qxc1 Rfe8 18.Nfd4 Bg4 19.f3 Bh5 20.Kh1 Ne5 21.Qf4 Bg6 22.Rfb1 Nh5
23.Qc1 Nxc6 24.Qxc6 Qxc6 25.Nxc6 Rxe2 26.Rb8+ Re8 27.Ne7+ Kf8 28.Nxg6+ hxg6
29.Rxa8 Rxa8 30.f4 Nf6 31.Kg1 Ra3 32.d4 Ra4 33.Rd1 Ke7 34.h3 Kd6 35.Kf2 Ra2+
36.Kf3 Ra3+ 37.Kf2 Nh5 38.Bf3 Ra2+ 39.Be2 Nxg3 40.Kxg3 Rxe2 41.Rd3 Ke6 42.Kf3 Re4
43.Kg4 Kf6 44.Ra3 Rxd4 45.Ra6+ Ke7 46.Ra7+ Ke6 47.Ra6+ Kd7 48.Ra7+  1/2-1/2

[Event "SenWM"]
[Site "Bad Zwischenahn GER"]
[Date "2008.11.01"]
[Round "5"]
[White "Gutman,L"]
[Black "Bachmann,KH"]
[Result "1-0"]
[WhiteElo "2485"]
[BlackElo "2275"]

1.Nf3 d5 2.g3 c6 3.Bg2 Bg4 4.O-O Nd7 5.a4 a5 6.d4 Ngf6 7.c4 e6 8.cxd5 exd5
9.Qb3 Bb4 10.Nc3 Qb6 11.Na2 Be7 12.Qe3 Qd8 13.b4 axb4 14.Nxb4 O-O 15.Nd3 Bxf3
16.exf3 Nb6 17.Nc5 Nc4 18.Qb3 b6 19.Nd3 c5 20.dxc5 bxc5 21.f4 Na5 22.Qc2 c4
23.Ne5 Rc8 24.Rb1 Nb3 25.Rd1 Qa5 26.g4 Rfd8 27.g5 Ne8 28.Bh3 Rc7 29.Nxf7 Kxf7
30.Qxh7 Qa6 31.f5 Nf6 32.g6+ Kf8 33.Qh8+ Ng8 34.Bf4 Rc6 35.Bg2 d4 36.h4 Bf6
37.h5 Ke7 38.Bg5 Rcc8 39.Qxg7+ Kd6 40.Bxf6  1-0

[Event "ch-BRA s/f"]
[Site "Dois Irmaos BRA"]
[Date "2008.11.01"]
[Round "4"]
[White "Jatoba de Oliveira Reis,P"]
[Black "Chemin,V"]
[Result "1-0"]
[WhiteElo "2332"]
[BlackElo "2253"]

1.Nf3 d5 2.g3 Nf6 3.Bg2 c6 4.O-O Bf5 5.c4 e6 6.d3 Be7 7.Be3 O-O 8.Qb3 b6
9.Nc3 Bg6 10.cxd5 cxd5 11.Rfc1 Ng4 12.Bd2 Nd7 13.a3 Nc5 14.Qd1 Rc8 15.b4 Nb7
16.h3 Nf6 17.Nb5 Ra8 18.Ne5 Nd6 19.Nd4 Nd7 20.Ndc6 Qe8 21.Nxe7+ Qxe7 22.Rc7 Rfd8
23.Nc6 Qf6 24.Nxd8 Qxd8 25.Rac1 h6 26.Qc2 Nc4 27.Be1 b5 28.a4 bxa4 29.Qxa4 Ndb6
30.Qc6 Ne5 31.Qb7  1-0

[Event "TCh-NED 2008-9"]
[Site "Netherlands NED"]
[Date "2008.11.01"]
[Round "2"]
[White "Hausrath,D"]
[Black "Siebrecht,S"]
[Result "1/2-1/2"]
[WhiteElo "2491"]
[BlackElo "2453"]

1.Nf3 d5 2.g3 c6 3.Bg2 Nf6 4.c4 e6 5.Qc2 Be7 6.O-O O-O 7.d4 Nbd7 8.Rd1 Ne4
9.Nbd2 f5 10.b3 Bd6 11.Nxe4 fxe4 12.Ng5 Nf6 13.f3 e5 14.fxe4 h6 15.exd5 hxg5
16.c5 Bb8 17.dxc6 e4 18.Bxg5 Qe7 19.Rf1 bxc6 20.Bxf6 Rxf6 21.Rxf6 gxf6 22.Qxe4 Qxe4
23.Bxe4 Bd7 24.Rf1 Kg7 25.b4 a6 26.Rf3 Bc7 27.Ra3 Ra7 28.Kf2 f5 29.Bd3 a5
30.Bc4 Kf6 31.Kf3 Be8 32.h3 Bd7 33.Ra4 Be8 34.Ra3 Bd7 35.Ra4 Be8 36.Ra3  1/2-1/2

[Event "12th OIBM"]
[Site "Bad Wiessee GER"]
[Date "2008.11.02"]
[Round "2"]
[White "Pohle,D"]
[Black "Yemelin,V"]
[Result "0-1"]
[WhiteElo "2173"]
[BlackElo "2573"]

1.Nf3 d5 2.g3 c5 3.Bg2 Nc6 4.O-O e5 5.d3 Nf6 6.Nbd2 Be7 7.c3 O-O 8.Qc2 Be6
9.e4 d4 10.Rd1 Rc8 11.Bf1 Nd7 12.a4 a6 13.Ne1 b5 14.Qb1 Nb6 15.axb5 axb5
16.Ng2 Ra8 17.f4 dxc3 18.bxc3 Na4 19.Bb2 b4 20.Qc1 exf4 21.gxf4 bxc3 22.Bxc3 Nd4
23.f5 Nb3 24.Nxb3 Bxb3 25.Re1 Nxc3 26.Qxc3 Ba4 27.Qc4 Bc6 28.Nf4 Rxa1 29.Rxa1 Bd6
30.Ng2 Qc7 31.Kh1 Rb8 32.Qc1 g6 33.fxg6 hxg6 34.Qh6 Qe7 35.Re1 Qe5 36.Ne3 Bf8
37.Qh4 Be7 38.Qg3 Bd6 39.Qxe5 Bxe5 40.Nc4 Bd4 41.Bg2 Bd7 42.h3 Rb3 43.Rd1 Kg7
44.Kh2 Rc3 45.Bf1 Kh6 46.Be2 Be6 47.Kg2 Kg5 48.Nd2 Kf4 49.Bf1 Rc2 50.Kh1 Be3
51.Nc4 Bxc4 52.dxc4 Kg3  0-1

[Event "12th OIBM"]
[Site "Bad Wiessee GER"]
[Date "2008.11.02"]
[Round "2"]
[White "Weber,U"]
[Black "Baeuml,U"]
[Result "1-0"]
[WhiteElo "2411"]
[BlackElo "2117"]

1.Nf3 d5 2.g3 Nf6 3.Bg2 c6 4.d3 Bg4 5.Nbd2 Nbd7 6.e4 dxe4 7.dxe4 e5 8.O-O Bc5
9.Qe1 O-O 10.h3 Bh5 11.Nc4 Qe7 12.Nh4 Qe6 13.Nd2 Rfd8 14.Kh1 Bb4 15.f3 a5
16.Qe2 b5 17.a4 Bxd2 18.Bxd2 bxa4 19.g4 Bg6 20.Rxa4 Nc5 21.Rxa5 Rxa5 22.Bxa5 Ra8
23.Bb4 Nfd7 24.Rd1 h6 25.b3 Kh7 26.Nf5 Nxb3 27.cxb3 Qxb3 28.Be1 Bxf5 29.exf5 Nb6
30.Bg3 f6 31.Qd3 Qa4 32.Rc1 Nd5 33.Qe4 Qb3 34.Qb1 Qe3 35.Re1 Qd2 36.Qc1 Qb4
37.Qxc6 Ra5 38.Qc2 Nc3 39.Rc1 Na2 40.Be1 Qa3 41.Bxa5 Nxc1 42.Qc3 Qa4 43.Qxc1 Qxa5
44.Qd1 Qb4 45.Qe2 Qf4 46.Kg1 Qd4+ 47.Qf2 Qf4 48.Bf1 Kh8 49.Bd3 Kh7 50.Kg2 Qc1
51.Qc2 Qe1 52.Bc4 h5 53.Bf7 hxg4 54.hxg4 g5 55.fxg6+ Kg7 56.Bd5  1-0

[Event "TCh-BEL 2008-9"]
[Site "Belgium BEL"]
[Date "2008.11.02"]
[Round "3"]
[White "Safranska,A"]
[Black "Maenhout,T"]
[Result "1/2-1/2"]
[WhiteElo "2314"]
[BlackElo "2232"]

1.Nf3 d5 2.g3 c6 3.Bg2 Bg4 4.O-O Nd7 5.d3 Ngf6 6.Nbd2 e6 7.e4 Bc5 8.h3 Bh5
9.Qe1 O-O 10.Kh1 Ne8 11.Ng1 Nc7 12.g4 Bg6 13.f4 f5 14.gxf5 exf5 15.e5 Ne6
16.c3 Be7 17.d4 Bh5 18.Ndf3 h6 19.Be3 a5 20.Ne2 a4 21.Qd2 Nb6 22.b3 Kh8 23.Ng3 Bg6
24.Qd3 Ra6 25.c4 axb3 26.axb3 Qa8 27.Rac1 Ra3 28.c5 Nd7 29.Qc3 Qa6 30.Rfd1 Bh7
31.Bf1 Qa7 32.Ra1 Ra8 33.Rxa3 Qxa3 34.Bd3 g6 35.Ne2 Nb8 36.Rg1 Nd7 37.Bf2 Qa2
38.Bh4 Bxh4 39.Nxh4 Ndf8 40.Nf3 Ra3 41.Bc2 Ra7 42.h4 h5 43.Bd3 Ra3 44.Nd2 Ra7
45.Bb1 Qa1 46.Qxa1 Rxa1 47.Kg2 Nc7 48.Bd3 Ra3 49.Kf2 Nfe6 50.Ke3 Ra2 51.Rb1 Ra3
52.Nf3 Bg8 53.Ne1 Bf7 54.Nc2 Ra7 55.Nc3 Be8 56.b4 Nd8 57.Rb3 Kg7 58.b5 Ra5
59.Ra3 Rxa3 60.Nxa3 Kf8 61.b6 Nce6 62.Nc2 Bf7 63.Nb4 Bg8 64.Ne2 Ke7 65.Nc1 Kd7
66.Nb3 Bf7 67.Na5 Kc8 68.Bc2 Nf8 69.Ba4 Nd7 70.Kd3 Be6 71.Bd1 Nb8 72.Bf3 Bf7  1/2-1/2

[Event "FSIMA November"]
[Site "Budapest HUN"]
[Date "2008.11.03"]
[Round "3"]
[White "Werner,Di"]
[Black "Lengyel,B"]
[Result "1/2-1/2"]
[WhiteElo "2328"]
[BlackElo "2309"]

1.Nf3 d5 2.g3 Nf6 3.Bg2 Bf5 4.c4 e6 5.O-O c6 6.d3 Bc5 7.b3 O-O 8.Bb2 Nbd7
9.Nbd2 h6 10.a3 a5 11.Qc2 Re8 12.Bc3 e5 13.e4 dxe4 14.dxe4 Bh7 15.b4 axb4
16.axb4 Bd6 17.Rxa8 Qxa8 18.Ra1 Qb8 19.Nh4  1/2-1/2

[Event "21st Belgrade Trophy"]
[Site "Obrenovac SRB"]
[Date "2008.11.03"]
[Round "7"]
[White "Radivojevic,MilanR"]
[Black "Milanko,N"]
[Result "1-0"]
[WhiteElo "2272"]
[BlackElo "2095"]

1.Nf3 d5 2.g3 Nf6 3.Bg2 Bf5 4.d3 c6 5.Nbd2 Nbd7 6.O-O e5 7.Qe1 Bc5 8.e4 dxe4
9.dxe4 Bg4 10.Nc4 Qc7 11.b4 Be7 12.Bb2 Bxf3 13.Bxf3 O-O 14.a3 Rfe8 15.Ne3 a5
16.c4 axb4 17.axb4 Rxa1 18.Bxa1 Qd6 19.c5 Qc7 20.Nc4 Bf8 21.Qc3 h6 22.Rd1 g6
23.Bg2 h5 24.h4 Bg7 25.Qa3 Qb8 26.Bh3 Nf8 27.Nd6 Re7 28.Qa5 N6d7 29.Nc4 Bf6
30.Rd6 Kg7 31.Bc3 g5 32.hxg5 Bxg5 33.Qa1 f6 34.Qd1 Qe8 35.Na5 h4 36.Nxb7 hxg3
37.fxg3 Qf7 38.Na5 Nb8 39.Bf5 Ng6 40.Qh5 Nf8 41.Qxf7+ Kxf7 42.Nxc6  1-0

[Event "21st Belgrade Trophy"]
[Site "Obrenovac SRB"]
[Date "2008.11.03"]
[Round "7"]
[White "Bozic,Mila"]
[Black "Ostojic,N1"]
[Result "1-0"]
[WhiteElo "2435"]
[BlackElo "2398"]

1.Nf3 d5 2.g3 Nc6 3.d4 Bg4 4.Bg2 e6 5.O-O Nf6 6.c4 Bd6 7.Nc3 O-O 8.cxd5 Nxd5
9.e4 Nb6 10.h3 Bh5 11.a3 f5 12.exf5 exf5 13.Qd3 f4 14.g4 Bf7 15.Re1 Na5 16.Ne4 Bc4
17.Qc2 Nb3 18.Rb1 h6 19.Bd2 Nxd2 20.Nexd2 Bd5 21.Bf1 Kh8 22.Bd3 Qd7 23.Bg6 Qa4
24.Qd3 c5 25.dxc5 Bxc5 26.b4 Bd6 27.Be4 Qa6 28.Qd4 Bxe4 29.Nxe4 Be7 30.Ne5 Kh7
31.Nc5 Qxa3 32.Qe4+ Kg8 33.Ng6 Bf6 34.Rb3 Qa2 35.Qe6+ Kh7 36.Nxf8+ Rxf8 37.Rd3 Qb2
38.Qe4+ Kh8 39.Nxb7 Bh4 40.Rf3 Qd2 41.Re2 Qc1+ 42.Kg2 Qd1 43.Nc5 Rf6 44.Qd3 Qxd3
45.Nxd3 Kh7  1-0

[Event "12th OIBM"]
[Site "Bad Wiessee GER"]
[Date "2008.11.04"]
[Round "4"]
[White "Meins,G"]
[Black "Stavrianakis,I"]
[Result "1-0"]
[WhiteElo "2460"]
[BlackElo "2192"]

1.Nf3 d5 2.g3 Nf6 3.Bg2 c6 4.O-O Bf5 5.b3 e6 6.Bb2 Nbd7 7.d3 Bc5 8.Nbd2 O-O
9.Qe1 Qb6 10.e4 dxe4 11.dxe4 Bg6 12.a3 a5 13.h3 Rfd8 14.Kh2 Qc7 15.Nh4 e5
16.Nxg6 hxg6 17.Qe2 b5 18.Rad1 Bd6 19.Nf3 Nc5 20.Ng5 Nh7 21.Nxh7 Kxh7 22.h4 Be7
23.Bh3 Kg8 24.Qe3 Nb7 25.Qc3 Bf6 26.Bg4 Rxd1 27.Rxd1 Rd8 28.Rxd8+ Nxd8 29.Qc5 Nb7
30.Qa7 Qe7 31.Kg2 Kh7 32.Bc8 Qc5 33.Qxc5 Nxc5 34.f3 Kg8 35.Kh3 Ne6 36.Bxe6 fxe6
37.a4 bxa4 38.bxa4 Kf7 39.Bc3 Bd8 40.Bxe5 Bb6 41.Kg2  1-0

[Event "Autumn"]
[Site "Nea Filadelfia GRE"]
[Date "2008.11.05"]
[Round "6"]
[White "Konistis,L"]
[Black "Poteas,I"]
[Result "0-1"]
[WhiteElo "2035"]
[BlackElo "2164"]

1.Nf3 d5 2.g3 e6 3.Bg2 Nf6 4.O-O Be7 5.d3 c5 6.Nbd2 Nc6 7.e4 b6 8.Re1 Bb7
9.e5 Nd7 10.Nf1 Qc7 11.Bf4 h6 12.h4 O-O-O 13.h5 Rdg8 14.Ne3 Qd8 15.c4 d4
16.Nc2 g5 17.hxg6 fxg6 18.b4 g5 19.b5 gxf4 20.bxc6 Bxc6 21.Nfxd4 Bxg2 22.Kxg2 cxd4
23.Nxd4 Nc5 24.Nc6 Qd7 25.Nxe7+ Qxe7 26.d4 Qb7+ 27.d5 h5  0-1

[Event "12th OIBM"]
[Site "Bad Wiessee GER"]
[Date "2008.11.06"]
[Round "6"]
[White "Wagner,Fl"]
[Black "Czap,B"]
[Result "1/2-1/2"]
[WhiteElo "2311"]
[BlackElo "2157"]

1.Nf3 d5 2.g3 Nf6 3.Bg2 Bg4 4.c4 c6 5.O-O Nbd7 6.b3 e5 7.Bb2 Bd6 8.d4 Bxf3
9.exf3 O-O 10.c5 Bc7 11.b4 a5 12.a3 axb4 13.axb4 Rxa1 14.Bxa1 Qa8  1/2-1/2

[Event "12th OIBM"]
[Site "Bad Wiessee GER"]
[Date "2008.11.06"]
[Round "6"]
[White "Kempter,R"]
[Black "Schrems,H"]
[Result "1/2-1/2"]
[WhiteElo "2279"]
[BlackElo "2126"]

1.Nf3 d5 2.g3 Nf6 3.Bg2 c6 4.O-O Bf5 5.d3 h6 6.b3 e6 7.Bb2 Be7 8.Nbd2 O-O
9.Qe1 a5 10.a4 Na6 11.e4 Bh7 12.Qe2 Nb4 13.Rac1 Rc8 14.Ne5 c5 15.Kh1 Nc6
16.Nxc6 Rxc6 17.Rce1 Rc7 18.f4 Rd7 19.e5 Ne8 20.g4 Nc7 21.Bc1 b5 22.axb5 Nxb5
23.Bb2 Re8 24.Nf3 Qb6 25.Ra1 Rc8 26.Ra4 Na7 27.Bc3 Nc6 28.Rfa1 Ra7 29.Qf2 Qc7  1/2-1/2

[Event "SenWM"]
[Site "Bad Zwischenahn GER"]
[Date "2008.11.06"]
[Round "10"]
[White "Clemens,C"]
[Black "Khanukov,B"]
[Result "0-1"]
[WhiteElo "2283"]
[BlackElo "2399"]

1.g3 d5 2.Nf3 c5 3.Bg2 Nc6 4.d4 cxd4 5.Nxd4 e6 6.O-O Nf6 7.c4 Bd7 8.Nc3 dxc4
9.Ndb5 a6 10.Nd6+ Bxd6 11.Qxd6 Qe7 12.Qxe7+ Kxe7 13.Na4 Nd4 14.Nb6 Nxe2+
15.Kh1 Rad8 16.Be3 Bc6 17.Bc5+ Ke8 18.Bxc6+ bxc6 19.Nxc4 Rd5 20.Ba3 Nd4 21.Rac1 Ng4
22.Ne3 Nxe3 23.fxe3 Nb5 24.Bb4 Na7 25.Bc5 Nc8 26.Bd4 e5 27.Bc5 f6 28.e4 Rd7
29.Rf3 Nd6 30.Bb4 Nxe4 31.Rxc6 Kf7 32.Rxa6 Rc8 33.Bc3 Nxc3 34.Rxc3 Rxc3 35.bxc3 Rd2
36.Ra7+ Ke6 37.Rxg7 e4 38.Kg1 e3 39.Kf1 Rxh2 40.a4 h5 41.a5 Ra2 42.a6 h4
43.Rg4 h3 44.Rh4 h2 45.a7 Rxa7 46.Ke2 Ra1  0-1

[Event "12th OIBM"]
[Site "Bad Wiessee GER"]
[Date "2008.11.07"]
[Round "7"]
[White "Schneider,Il"]
[Black "Aepfler,C"]
[Result "1-0"]
[WhiteElo "2486"]
[BlackElo "2317"]

1.Nf3 d5 2.g3 Nf6 3.Bg2 e6 4.O-O Be7 5.d4 O-O 6.c4 dxc4 7.Qc2 a6 8.Qxc4 b5
9.Qc2 Bb7 10.Bd2 Be4 11.Qc1 Bb7 12.Bf4 Nd5 13.Nc3 Nxf4 14.Qxf4 Bd6 15.Qe3 Nd7
16.Ne4 Qe7 17.Rac1 Bd5 18.Nfd2 f5 19.Nxd6 Qxd6 20.Bxd5 exd5 21.Qf4 Rac8 22.Rc3 Qxf4
23.gxf4 c5 24.dxc5 Rxc5 25.Rxc5 Nxc5 26.Rc1 Nd7 27.Nf3 Nb6 28.Nd4 Rf6 29.Rc7 Nc4
30.b3 Nd6 31.f3 b4 32.Rc6 Nb5 33.Rc8+ Rf8 34.Rxf8+ Kxf8 35.Nc6 a5 36.Nxa5 Nc3
37.Kf2 Kf7 38.Ke3 Nxa2 39.Nc6 Ke6 40.Nd4+ Kf6 41.Kd2 h6 42.e3 g5 43.fxg5+ hxg5
44.Ne2 g4 45.f4 d4 46.exd4 Ke6 47.Kc2 Kd5 48.Kb2 Nc3 49.Nxc3+ Kxd4 50.Ne2+ Ke3
51.Ng3 Kxf4 52.Kc2 Ke5 53.Kd3 f4 54.Ne2  1-0

[Event "12th OIBM"]
[Site "Bad Wiessee GER"]
[Date "2008.11.07"]
[Round "7"]
[White "Haub,TM"]
[Black "Tillmann,Mark"]
[Result "1/2-1/2"]
[WhiteElo "2454"]
[BlackElo "2190"]

1.Nf3 d5 2.g3 Nf6 3.d3 Nc6 4.Bg2 e5 5.O-O Be7 6.c3 O-O 7.Qc2 Bf5 8.Nh4 Be6
9.e4 Ne8 10.Nf5 Bf6 11.Ne3 Ne7 12.Qe2 Qd7 13.exd5 Nxd5 14.Nc4 Bh3 15.Nxe5 Bxe5
16.Qxe5 Nef6 17.Nd2 Rae8 18.Qd4 c5 19.Qh4 Bxg2 20.Kxg2 Qf5 21.Qc4 Re2 22.Ne4 Ng4
23.Kg1 Ne5 24.Nd6 Qf3 25.Qh4 Qxd3 26.Qh3 f5 27.Nxb7 Qb5 28.Nd6 Qd7 29.Qh5 Ng4
30.h3 g6 31.Qg5 Ne5 32.f4 Qxd6 33.fxe5 Qxe5 34.Qh4 Nf6 35.Qc4+ Qe6 36.Qxe6+ Rxe6
37.Bf4 Re2 38.Rf2 Rfe8 39.Rd1 Re1+ 40.Rf1 R1e2 41.Rf2 Re1+ 42.Rf1  1/2-1/2

[Event "12th OIBM"]
[Site "Bad Wiessee GER"]
[Date "2008.11.08"]
[Round "8"]
[White "Prusikin,M"]
[Black "Stavrianakis,I"]
[Result "1-0"]
[WhiteElo "2538"]
[BlackElo "2192"]

1.Nf3 d5 2.g3 Nf6 3.Bg2 e6 4.O-O c5 5.d4 Nc6 6.c4 cxd4 7.Nxd4 Bc5 8.Nb3 Bb6
9.cxd5 Nxd5 10.Na3 O-O 11.Nc4 Bc7 12.Bd2 b6 13.Rc1 Bb7 14.Ne3 Nce7 15.Nxd5 Nxd5
16.e4 Nf6 17.Qe2 Qe7 18.Nd4 Be5 19.Bc3 Rfd8 20.Nc6 Bxc6 21.Bxe5 Rac8 22.Rfd1 Rxd1+
23.Qxd1 Bb7 24.Rxc8+ Bxc8 25.Qd6 Qxd6 26.Bxd6 Bb7 27.f3 Ne8 28.Bb8 a6 29.Kf2 f5
30.exf5 exf5 31.Bf1 Kf7 32.Bc4+ Ke7 33.Ke3 Nf6 34.Be5 b5 35.Bd3 g6 36.h3 Nd5+
37.Kf2 Ke6 38.Bg7 Nb4 39.Bb1 Bd5 40.a3 Nc6 41.Ke3 Na5 42.Kf4 Nc4 43.g4 fxg4
44.fxg4 Nd2 45.Bc2 Bb3 46.Bxb3+ Nxb3 47.Ke4 Nc5+ 48.Kd4 Na4 49.b3 Nb6 50.Kc5 Nd5
51.Kc6 Nf4 52.h4 h5 53.gxh5 gxh5 54.Bd4 Ng6 55.Bf2 Ne5+ 56.Kb6 Kd5 57.Kxa6 Kc6
58.Ka5 Nd3 59.Be3 Ne1 60.a4 b4 61.Bf2 Nd3 62.Bg1  1-0

[Event "12th OIBM"]
[Site "Bad Wiessee GER"]
[Date "2008.11.08"]
[Round "8"]
[White "Kempter,R"]
[Black "Llaneza Vega,M"]
[Result "0-1"]
[WhiteElo "2279"]
[BlackElo "2484"]

1.Nf3 d5 2.g3 Bg4 3.Bg2 Nd7 4.d3 e5 5.Nbd2 Ngf6 6.e4 dxe4 7.dxe4 Bc5 8.O-O O-O
9.Qe1 b5 10.a4 a6 11.h3 Bh5 12.Nb3 Bb6 13.Be3 c5 14.c4 bxc4 15.Nbd2 Ba5 16.Qc1 Qc7
17.Nxc4 Bb4 18.Qc2 Rfe8 19.Rac1 Bxf3 20.Bxf3 Nf8 21.Nd2 Rac8 22.Qc4 Qd7 23.Nb3 Qxh3
24.Qxa6 Ne6 25.Rfd1 Ng4 26.Bxg4 Qxg4 27.Qc4 h5 28.Nd2 Rcd8 29.Qc2 Bxd2 30.Rxd2 h4
31.Kg2 Nf4+ 32.Bxf4 exf4 33.Rd3 f3+ 34.Kh2 hxg3+ 35.fxg3 Rxd3 36.Qxd3 Re6
37.Qd8+ Kh7 38.Qc7 Rh6+ 39.Kg1 Qh3 40.Kf2 Qg2+ 41.Ke3 Qe2+ 42.Kf4 Rf6+  0-1

[Event "Russia Cup Final"]
[Site "Serpuhov RUS"]
[Date "2008.11.09"]
[Round "3.1"]
[White "Khairullin,I"]
[Black "Landa,K"]
[Result "1/2-1/2"]
[WhiteElo "2575"]
[BlackElo "2613"]

1.Nf3 d5 2.g3 g6 3.Bg2 Bg7 4.d4 Nf6 5.O-O O-O 6.c4 dxc4 7.Na3 c6 8.Nxc4 Be6
9.Qc2 Qc8 10.Ng5 Bxc4 11.Qxc4 Nbd7 12.Nf3 Re8 13.Bd2 Nb6 14.Qc2 Qe6 15.Rfe1 Ne4
16.Bf4 Nd6 17.a3 Nb5 18.Rad1 Rad8 19.e3 Nd6 20.h3 Qc4 21.Qb1 Qb3 22.Nd2 Qb5
23.Bf1 Qa4 24.Nf3 Qb3 25.Nd2 Qa4 26.Nf3 Qb3 27.Nd2  1/2-1/2

[Event "38th Olympiad w"]
[Site "Dresden GER"]
[Date "2008.11.13"]
[Round "1"]
[White "Mendoza Velazquez,L"]
[Black "Salem,Am"]
[Result "1-0"]
[WhiteElo "2015"]
[BlackElo "1779"]

1.Nf3 d5 2.g3 Nf6 3.Bg2 e6 4.O-O Be7 5.c4 c6 6.d4 O-O 7.Qc2 Nbd7 8.Nbd2 b6
9.Rd1 Bb7 10.e4 dxe4 11.Nxe4 Nxe4 12.Qxe4 Nf6 13.Qe2 Qc7 14.Bf4 Bd6 15.Ne5 Rfd8
16.Rac1 Rac8 17.a3 a5 18.c5 bxc5 19.dxc5 Bxe5 20.Bxe5 Qe7 21.Bd6 Qe8 22.Rd4 Rd7
23.Ra4 Qd8 24.Qd2 Ne8 25.Qxa5 Nxd6 26.Qxd8+ Rdxd8 27.cxd6 Rxd6 28.Ra7 Ba8
29.b4 Rdd8 30.b5 c5 31.Bxa8 Rxa8 32.Rxa8 Rxa8 33.Rxc5 Kf8 34.b6 Rb8 35.Rb5 Ke7
36.a4 Kd7 37.a5 Kc6 38.Rb3 Kb7 39.f4 Ka6 40.Ra3 Rb7 41.Kf2 f6 42.Ke3 Rd7
43.Ke4 h5 44.f5 e5 45.Rd3 Re7 46.Rd5 Rb7 47.h3 Re7 48.Rc5 Rd7 49.Rd5 Re7
50.g4 hxg4 51.hxg4 Rb7 52.g5 Re7 53.gxf6 gxf6 54.Rd6 Rf7 55.Kd5 Kxa5 56.Kc6 Rf8
57.b7 Ka6 58.Kc7+ Ka7 59.Rxf6  1-0

[Event "38th Olympiad"]
[Site "Dresden GER"]
[Date "2008.11.13"]
[Round "1"]
[White "McNab,C"]
[Black "Baramidze,D"]
[Result "1/2-1/2"]
[WhiteElo "2455"]
[BlackElo "2557"]

1.Nf3 d5 2.g3 c6 3.Bg2 Bg4 4.d3 Nf6 5.h3 Bxf3 6.Bxf3 e6 7.Nd2 Nbd7 8.e4 Qc7
9.Qe2 Bd6 10.Bg2 Rd8 11.O-O h5 12.d4 dxe4 13.Nxe4 Nxe4 14.Qxe4 h4 15.Bg5 Be7
16.Bxe7 Kxe7 17.Qe3 Nf6 18.g4 b6 19.c4 Rd7 20.Rad1 Rhd8 21.Rd2 c5 22.d5 Kf8
23.Rfd1 exd5 24.cxd5 Nh7 25.f4 Nf6 26.Qf2 Kg8 27.g5 Ne8 28.Re2 Nd6 29.Rde1 g6
30.Qxh4 Kg7 31.Qh6+ Kg8 32.f5 gxf5 33.Qf6 Rf8 34.Re5 c4 35.Kh1 Qc5 36.R5e3 Qc7
37.h4 Ne4 38.Bxe4 fxe4 39.Rxe4 Rxd5 40.g6 fxg6 41.Re8 Qf7 42.Rxf8+ Qxf8 43.Qxg6+ Kh8
44.Re8 Rd1+ 45.Kg2 Rd2+ 46.Kh3 Rd3+ 47.Qxd3 Qxe8 48.Qxc4 Qd7+ 49.Kg3 Qg7+
50.Kf4 Qxb2 51.Kf5 Qf2+ 52.Ke6 b5 53.Qd5 Qxh4 54.Qa8+ Kg7 55.Qxa7+ Kh6 56.Qe3+ Qg5
57.Qh3+ Kg6 58.Qd3+ Kg7 59.Qc3+ Kg6 60.Qc2+ Kg7 61.Qc7+ Kh6 62.Qh2+ Kg6 63.Kd6 b4
64.Qc2+ Qf5 65.Qg2+ Qg5 66.Qe4+ Qf5 67.Qc4 Qf6+ 68.Kc5 Qf8+ 69.Kb5 Qb8+ 70.Ka4 Kf6
71.Qxb4 Qxb4+ 72.Kxb4  1/2-1/2

[Event "38th Olympiad w"]
[Site "Dresden GER"]
[Date "2008.11.14"]
[Round "2"]
[White "Heinatz,G"]
[Black "Shabanaj,E"]
[Result "1-0"]
[WhiteElo "2227"]
[BlackElo "2093"]

1.Nf3 d5 2.g3 Nf6 3.Bg2 c5 4.O-O Nc6 5.d4 e6 6.c4 Be7 7.cxd5 exd5 8.Nc3 h6
9.Bf4 O-O 10.dxc5 Bxc5 11.Rc1 Be6 12.a3 a6 13.Na4 Ba7 14.Ne5 Rc8 15.Nxc6 Rxc6
16.Rxc6 bxc6 17.Qc2 Qa5 18.b4 Qb5 19.Rc1 Rc8 20.Bd6 Nd7 21.Bf3 a5 22.Nc3 Qb6
23.e3 c5 24.bxc5 Nxc5 25.Be5 Nb3 26.Rd1 f6 27.Bxf6 Bf7 28.Be5 d4 29.exd4 Kh8
30.Qf5 Qe6 31.Qxe6 Bxe6 32.Nd5 Nc1 33.Nc7 Rxc7 34.Bxc7 Nb3 35.Be5 a4 36.Bc6 Bg4
37.f3 Bf5 38.Bxa4 Bc2 39.Bxb3  1-0

[Event "38th Olympiad"]
[Site "Dresden GER"]
[Date "2008.11.14"]
[Round "2"]
[White "Khetho,P"]
[Black "Irwanto,S"]
[Result "1-0"]
[WhiteElo "2229"]
[BlackElo "2441"]

1.Nf3 d5 2.g3 Nf6 3.Bg2 e6 4.d3 c5 5.Nbd2 Nc6 6.O-O Be7 7.e4 O-O 8.e5 Nd7
9.Re1 Qc7 10.Qe2 b6 11.Nf1 Ba6 12.c3 b5 13.a3 Rad8 14.Bf4 Qb6 15.h4 Ndb8
16.N1h2 d4 17.Red1 Rd7 18.Ng5 Bxg5 19.hxg5 dxc3 20.bxc3 Ne7 21.Qh5 Ng6 22.Ng4 Rfd8
23.Kh2 b4 24.d4 cxd4 25.Nf6+ gxf6 26.gxf6 Kh8 27.Rh1 Bd3 28.Rad1 Qa6 29.Bf1 Nxf4
30.Qh6 Rg8 31.Bxd3 Qxd3 32.Rxd3 Ng6 33.Kg2 Nf8 34.Rxd4 Rxd4 35.cxd4 bxa3
36.Ra1 Nc6 37.Rxa3 Nd7 38.Qc1 Nxd4 39.Qd1 Nb5 40.Ra5  1-0